| 000 | 01165pam a2200337 a 4500 | ||
|---|---|---|---|
| 001 | 015874042 | ||
| 003 | OSt | ||
| 005 | 20140330124226.0 | ||
| 008 | 110817s2012 xxk b 001 0 eng d | ||
| 020 | _a9780230354920 (hbk.) | ||
| 020 | _a0230354920 (hbk.) | ||
| 035 | _a(UkCU)5283931 | ||
| 040 |
_aStDuBDS _beng _cStDuBDS _dUkCU _dUk |
||
| 043 | _aa-ja--- | ||
| 082 | 0 | 4 |
_a363.17990952117 _222 _bCAR |
| 100 | 1 |
_aCarpenter, Susan, _d1943- _935815 |
|
| 245 | 1 | 0 |
_aJapan's nuclear crisis : _bthe routes to responsibility / _cSusan Carpenter. |
| 250 | _a1st ed. | ||
| 260 |
_aHoundmills, United Kingdom ; _aNew York, United States : _bPalgrave Macmillan, _c2012. |
||
| 300 |
_axvii, 248 p. ; _c23 cm. |
||
| 500 | _aIndex : p. 236-248. | ||
| 504 | _aBibliography : p. 234-235. | ||
| 650 | 0 |
_aBureaucracy _zJapan _935816 |
|
| 650 | 0 |
_aCivil service _xCorrupt practices _zJapan _935817 |
|
| 650 | 0 |
_aBusiness and politics _zJapan _935818 |
|
| 650 | 0 |
_aNuclear industry _xPolitical aspects _zJapan _935819 |
|
| 651 | 0 |
_aJapan _xPolitics and government _y1989- _935820 |
|
| 653 |
_bBUSBOL _cMarch2014 |
||
| 655 |
_vreading book _934232 |
||
| 942 |
_2ddc _k363.17990952117 CAR |
||
| 999 |
_c18188 _d18160 |
||